| 000 | 00733cam a22002531 4500 | ||
|---|---|---|---|
| 001 | rc 01002804 | ||
| 003 | DLC | ||
| 005 | 20260227111907.0 | ||
| 008 | 800109s1896 nyu 000 0 eng | ||
| 010 | _arc 01002804 | ||
| 035 | _a(OCoLC)5857489 | ||
| 040 |
_aDLC _cVi _dDLC |
||
| 042 | _apremarc | ||
| 050 | 0 | 0 |
_aE173 _b.A66 no. 27 |
| 051 |
_aF229 _b.S682 |
||
| 100 | 1 |
_aSmith, John, _d1580-1631. |
|
| 245 | 0 | 0 | _aCaptain John Smith's True relation, 1608. |
| 260 |
_aNew York, _bA. Lovell, _c1896. |
||
| 300 |
_a33 p. _c18 cm. |
||
| 490 | 0 |
_aAmerican history leaflets. [v. 2] _vno. 27 |
|
| 500 | _aCover-title. | ||
| 651 | 0 |
_aVirginia _xHistory _yColonial period, ca. 1600-1775. |
|
| 650 | 0 |
_aIndians of North America _zVirginia. |
|
| 999 |
_c52413 _d52413 |
||